000 00530nam a2200181Ia 4500
003 GCL
008 140319s9999 xx 000 0 eng d
040 _aGCL /
_cGCL
082 0 4 _a791.43092
_bM J
100 1 _aMACNAB, GEOFFREY
245 1 0 _aJ.ARTHUR RANK AND THE BRITISH FILM INDUSTRY /
_cMACNAB, GEOFFREY
260 _a[S.N] :
_bROUTLEDGE ،
_c1993
650 0 4 _aMOTION PICTURES
650 0 4 _aRANK ORGANIZATION - HISTORY
650 0 4 _aRANK, J.ARTHUR, 1888 - 1972
650 0 4 _aMOTION PICTURES - INDUSTRY
942 _2ddc
_cBK
999 _c16038
_d16038